[Event "WchT 4th"]
[Site "Luzern"]
[Date "1997.10.25"]
[Round "1.3"]
[White "Kaidanov, Gregory S"]
[Black "Malaniuk, Vladimir P"]
[Result "1-0"]
[WhiteElo "2600"]
[BlackElo "2615"]
[Annotator "Atlas,V"]
[PlyCount "70"]
[EventDate "1997.10.25"]
[EventType "team-tourn"]
[EventRounds "9"]
[EventCountry "SUI"]
[SourceTitle "CBM 062"]
[Source "ChessBase"]
[SourceDate "1998.01.31"]
[SourceVersion "1"]
[SourceVersionDate "1998.01.31"]
[SourceQuality "1"]
[WhiteTeam "US of America"]
[BlackTeam "Ukraine"]
[WhiteTeamCountry "USA"]
[BlackTeamCountry "UKR"]

1. e4 e5 2. Nf3 Nc6 3. Bc4 Bc5 4. c3 Nf6 5. d3 a6 6. Bb3 d6 7. O-O Ba7 8. Re1
O-O 9. h3 h6 10. Nbd2 Be6 11. Nf1 Re8 12. Be3 (12. N3h2 Bxb3 13. axb3 a5 14.
Ng3 d5 15. Qf3 dxe4 16. dxe4 Re6 17. Nf5 Qf8 18. Qg3 Kh8 19. Ng4 Nh7 20. Nge3
Rg6 21. Qh4 Ng5 22. Ng4 Nh7 23. Rd1 Qe8 24. Rd5 Bb6 25. b4 Re6 26. Qg3 Qf8 27.
b5 Ne7 28. Rxe5 Nxf5 29. Rxf5 Rxe4 30. Ne5 Re1+ 31. Kh2 Nf6 32. Rxf6 gxf6 33.
Bxh6 Qg8 34. Nxf7+ Qxf7 35. Rxe1 {1-0 Gavrikov,V-Van der Sterren,P/Tallinn
1987/EXT 87}) (12. Bc2 d5 13. Qe2 b5 14. Ng3 Qd7 15. Bd2 Rad8 16. b3 d4 17. c4
Rb8 18. cxb5 axb5 19. b4 Qd6 20. a3 Nd7 21. Nh4 Ne7 22. Qh5 Kh7 23. Rf1 Ng8 24.
f4 g6 25. Qe2 exf4 26. Bxf4 Ne5 {Orlov,G-Kaidanov,G/URS-ch otbor 1986/EXT 86/1/
2-1/2 (61)}) 12... Bxb3 (12... d5 13. Bxa7 Rxa7 14. exd5 Bxd5 15. Bxd5 Nxd5 16.
Ng3 Nf4 17. d4 exd4 18. Rxe8+ Qxe8 19. Nxd4 Ra8 20. Qf3 Ne6 21. Re1 Ncxd4 22.
cxd4 c6 23. d5 cxd5 24. Qxd5 Qb5 $11 {1/2-1/2 Chiburdanidze,M-Suetin,A/
Moscow-ch 1981/MCL 04 (28)}) (12... Bxe3 13. Nxe3 Bxb3 (13... d5 14. exd5 Nxd5
15. Nc4 f6 16. d4 exd4 17. Nxd4 Nxd4 18. Qxd4 Bf7 19. Rxe8+ Qxe8 20. Nd6 cxd6
21. Bxd5 Qe2 22. Bxf7+ Kxf7 23. Qd5+ Kg6 24. Qxb7 {1-0 Ostojic,P-Wellendorf,J/
Baden Baden op 1990/GER 04 (54)}) 14. Qxb3 Rb8 15. a4 Qd7 16. a5 Ne7 17. Ra4
Ng6 18. Rb4 Nf4 19. Qc2 Re6 20. Kh2 d5 21. exd5 N6xd5 22. Re4 Rg6 23. Nh4 Rg5
24. d4 {1/2-1/2 Slobodjan,R-Stern,R/Schoeneck 1996/CBM 56}) 13. axb3 $5 {
[%csl Rf3,Rf5,Rg4][%cal Gf3h2,Gh2g4,Yd1f3,Rf1g3,Rg3f5] An interesting concept.
Standard 13.Qb3 yields White a minimal advnatage, but Black seems to have
sufficient resources to obtain a counterplay (cf. game Slobodjan-Stern). After
the text move White intends to develop initiative on the kingside (that is why
it is important to keep the queen on d1 preparing his quick mobilization to
the kingside via f3) and expolit the key g4 and f5 squares by his knights.}
Bxe3 {Facilitating knight's route to f5. Still, after 14. Ba7  the black
pieces are significantly discoordinated.} 14. Nxe3 Qd7 15. Nh4 {Despite the
absence of the bishops, the black king does not feel comfortably and White's
full control over the light squares open him good perspectives in the
forthcoming clash.} d5 16. Qf3 {[%csl Rd5,Rf5][%cal Ge3d5,Gh4f5,Ge3f5]} d4 17.
Nd5 Re6 ({Afer} 17... Nxd5 18. exd5 Nd8 {White has a pleasant choice between
19. cd4 ed4 20. Re4 and 19.Nf5, with a large advantage in both cases.}) 18. Nf5
{[%csl Rf6][%cal Gf5h6,Gd5f6,Gf3f6] Thretening 19. Nh6+} Kh7 19. cxd4 exd4 20.
Qg3 Ne8 (20... g6 $2 {loses after} 21. Nxc7) 21. Rac1 g6 22. Nh4 Rc8 23. f4 $1
{White clearly won the positional battle and obtained a large advantage. His
initiative on the kingside seems very dangerous and Black faces serious
problems.} Ne7 24. f5 $1 {March of the f-pawn proves a very efficicent
undertaking.} gxf5 25. Nxe7 Qxe7 26. Nxf5 Qg5 (26... Qf6 27. Rf1 {is hardly
better for Black.}) 27. Qf2 Rd8 (27... c5 {fails to} 28. Nxd4) 28. Nxd4 Rf6 29.
Nf3 Qb5 30. e5 Rf4 31. Rc4 $1 {The rook thrust terminates the struggle.} Rxc4
32. bxc4 Qb3 33. Nd2 $1 {[%csl Rf7][%cal Gf2f7] The simplest.} Qxd3 34. Qxf7+
Kh8 35. Nf3 Qh7 {Black gave up in view of 36.Qf8+ Qg8 37.Qh6+.} 1-0

[Event "HUN-ch"]
[Site "Lillafured"]
[Date "1999.02.07"]
[Round "7"]
[White "Almasi, Zoltan"]
[Black "Acs, Peter"]
[Result "1-0"]
[WhiteElo "2665"]
[BlackElo "2521"]
[Annotator "Atlas,V"]
[PlyCount "83"]
[EventDate "1999.02.01"]
[EventType "tourn"]
[EventRounds "9"]
[EventCountry "HUN"]
[EventCategory "13"]
[SourceTitle "CBM 070"]
[Source "ChessBase"]
[SourceDate "1999.06.08"]
[SourceVersion "1"]
[SourceVersionDate "1999.06.08"]
[SourceQuality "1"]

1. e4 e5 2. Nf3 Nc6 3. Bc4 Bc5 4. c3 Nf6 5. d3 d6 6. O-O O-O 7. h3 a6 8. Bb3
Ba7 9. Re1 h6 10. Nbd2 Nh5 11. Nf1 Qf6 12. Be3 Nf4 13. d4 {One of a few moves
White has tried in this position. The other options are:} (13. Ng3 g5 (13... g6
14. Nh2 h5 15. Ne2 Bxe3 {1/2-1/2 Kudrin,S-Gulko,B/USA-ch 1989/CBM 19 (15)}) 14.
Nh2 Ne7 (14... Qg6 15. Qd2 Ne7 16. d4 h5 17. Bc2 Kg7 18. dxe5 dxe5 19. Bxa7
Rxa7 20. Qe3 Qb6 $6 21. Nxh5+ $16 {1-0 Svetushkin,D-Rogozenko,D/Brasov 1998/
CBM 63 ext/(56)}) 15. d4 Nc6 16. dxe5 Nxe5 17. Nh5 Nxh5 18. Qxh5 Qg6 19. Qxg6+
Nxg6 $11 {1/2-1/2 Lagvilava,G-Golovko,S/Smolensk 1992/EXT 97 (63)}) (13. Bxa7
Rxa7 14. Ne3 (14. Kh2 Ne7 15. Ne3 Ra8 16. a4 {1-0 Karpov,A-Jussupow,A/Bugojno
1986/MCL (61)}) 14... Qg6 15. Kh2 Ra8 16. Ng1 Kh8 17. g3 Ne6 18. Bc2 f6 19. h4
Qe8 20. h5 Ne7 21. d4 g6 22. hxg6 Ng7 23. Nf5 Ng8 24. Nh4 Bd7 25. Kg2 c5 26.
dxc5 dxc5 27. Bb3 Ne6 28. Nf5 {1-0 Kaidanov,G-Lane,G/Hastings 1989/TD (28)}) (
13. N1h2 Qg6 14. Bxf4 exf4 15. Kf1 h5 16. d4 {1-0 Iosif,C-Kogan,A/Oakham 1990/
CBM 16 ext (62)}) 13... Re8 14. Ng3 g6 {Planning to play h6-h5-h4.} (14... g5
$5) 15. a4 h5 16. Bc2 {e4-pawn will need a protection after the knight leaves
g3-square.} Kh8 17. a5 Rg8 18. Ra4 $1 {This rook comes into play following an
unusual trajectory.} h4 {Meantime Black gathers momentum of attack against the
enemy's king.} 19. Nf1 Bd7 20. Rc4 {Threatening 21.d5 and 21.dxe5.} g5 {
Black banks on his threats on the K-side. The game approaches its culmination.}
21. dxe5 Qe6 (21... Nxe5 22. Nxe5 Qxe5 23. Rxc7) 22. Bxa7 (22. Rxc6 bxc6 (22...
Bxc6 23. Bxa7 Rxa7 24. Qd4 $44) 23. Bb3 d5 24. exd5 cxd5 25. Nxg5 $140 $2 Rxg5
26. Bxf4 Rxg2+) 22... Rxa7 {How would the game continue if Black were to take
on c4? Probably it is here Black missed his chance.} (22... Qxc4 $5 23. Be3 (
23. Bb3 Qd3) (23. Bd4 g4) 23... Bxh3 $1 (23... Qe6 $143 24. exd6 Nxg2 25. Kxg2
Qxh3+ 26. Kg1 Qg4+ 27. Kh1 h3 28. Ng3) 24. gxh3 (24. N3d2 Qe6 25. Bxf4 gxf4 26.
Qh5+ Kg7 {is advantageous for Black.}) 24... Qe6 25. N3h2 (25. Bxf4 $2 gxf4+
26. Kh2 Qg6 $19) 25... Qxh3 26. Qf3 Nxe5 27. Qxh3 Nxh3+ 28. Kg2 Nf4+ {and an
endgame is in Black's favour.}) 23. Ne3 {Protecting the rook and the pawn on
g2.} dxe5 24. Bb3 g4 25. Rxc6 $1 {Distracting Black's queen and bringing minor
pieces into play.} (25. Nxg4 $6 {isn't good because of} Rxg4 26. hxg4 Qxg4 27.
Nxh4 Nh3+ 28. Kh2 Qxh4 29. g3 (29. gxh3 Qxh3+ 30. Kg1 Ra8 31. f3 Qg3+ 32. Kf1
Qh2 33. Qxd7 Rg8 34. Qg4 Rxg4 35. fxg4 Nxa5 36. Rb4 b5 $17) (29. Qxd7 Nxf2+ 30.
Kg1 Ng4 $17) 29... Qg4 30. Rf1 Ng5 (30... Qxd1 31. Rxd1 Be6 $2 32. Rxc6 $1 Bxb3
33. Rd8+ Kg7 34. Rb6 $1 cxb6 35. axb6 Ra8 36. Rxa8 Nxf2 37. Ra7 Nxe4 38. Rxb7
$16) 31. Qxg4 Bxg4 $17) (25. hxg4 $5) 25... Nxh3+ 26. Kf1 (26. Kh2 $2 g3+ 27.
fxg3 hxg3+ 28. Kh1 Nf2+ 29. Kg1 Qxc6 30. Nxe5 Nxd1 $19) (26. gxh3 $2 gxf3+ $19)
26... Qxc6 27. Nxe5 Qb5+ 28. N3c4 Be6 29. gxh3 f6 30. Qd2 Kh7 31. Nxg4 {
Turning the tables on Black. Now it is White who is going after the enemy's
king.} Bxc4+ (31... Bxg4 32. hxg4 Qxb3 33. Ne3 $44) 32. Bxc4 Qxc4+ 33. Kg1
Rxg4+ {This enforced move stops White's attack, but gives White the decisive
material advantage.} ({The misplaced rook on a7 cannot be brought into play
timely, as the following variation shows:} 33... Rg6 34. Qd7+ Rg7 35. Qf5+ Kh8
36. Qxf6 Ra8 37. Qxh4+ Rh7 38. Qf6+ Rg7 39. Kh2 {and White already has
material advantage in addition to the strong attack.}) 34. hxg4 Ra8 35. Qd7+
Kg8 36. Qf5 Rf8 37. Rd1 Kg7 38. Rd7+ Rf7 39. Rxf7+ Qxf7 40. g5 fxg5 41. Qxg5+
Kf8 42. Qd8+ 1-0

[Event "Manhattan March Int"]
[Site "New York"]
[Date "1999.03.09"]
[Round "4"]
[White "Shahade, Gregory P"]
[Black "Shliperman, Igor"]
[Result "1-0"]
[WhiteElo "2386"]
[BlackElo "2442"]
[Annotator "Atlas,V"]
[PlyCount "65"]
[EventDate "1999.03.05"]
[EventType "tourn"]
[EventRounds "9"]
[EventCountry "USA"]
[EventCategory "10"]
[SourceTitle "CBM 070"]
[Source "ChessBase"]
[SourceDate "1999.06.08"]
[SourceVersion "1"]
[SourceVersionDate "1999.06.08"]
[SourceQuality "1"]

1. e4 e5 2. Nf3 Nc6 3. Bc4 Bc5 4. c3 Nf6 5. d3 d6 6. O-O O-O 7. Bb3 Bb6 8. Nbd2
Ne7 9. Re1 (9. Nc4 Ng6 10. a4 c6 11. Nxb6 axb6 12. Be3 h6 13. Ne1 c5 14. f3 d5
15. d4 exd4 16. cxd4 Qe7 17. e5 cxd4 18. Qxd4 Nxe5 19. Qxb6 Re8 20. Bc5 Ra6 21.
Qb5 Qc7 {1/2-1/2 Degraeve,J-Hamdouchi,H/FRA 1994/TD (40)}) (9. h3 c6 10. Re1
Ng6 11. d4 Bc7 12. Bc2 Qe7 13. Nc4 Nh5 14. Nfxe5 dxe5 15. Qxh5 exd4 16. cxd4
Qb4 17. Nd2 Qxd4 {1/2-1/2 Jaracz,P-Votava,J/Duisburg 1992/TD (46)}) 9... Kh8 (
9... c6 10. Nf1 Ng6 11. Ng3 h6 (11... Bc7 12. d4 Re8 13. dxe5 dxe5 14. Qxd8
Rxd8 15. Bg5 {1/2-1/2 Castillo Melenes,O-Diamond,J/Las Vegas 1994/EXT 97 (15)})
12. h3 d5 13. exd5 Nxd5 14. Nxe5 Nxe5 15. Rxe5 Bxf2+ {0-1 Padilla Gonzalez,
J-Garbisu,U/Cordoba 1994/EXT 97 (15)}) 10. d4 Ng6 11. Nf1 $6 (11. h3 {is more
prudent:} c6 (11... Nh5 12. Nxe5 dxe5 13. Qxh5 exd4 14. Nf3 $40) (11... Nf4 12.
dxe5 Nd3 13. exf6 Bxf2+ 14. Kh2) 12. Nf1 $14 {The text move leads to very
interesting complications.}) 11... Bg4 12. Ne3 $6 {After 12.d5 Black has a
good play. White undertakes a pawn sacrifice, counting on his active knight
and the bishop pair. Yet, the course of the game shows that the White does not
obtain a full compensation for the sacrificed pawn.} Bxf3 13. Qxf3 exd4 14. Nf5
(14. cxd4 {is strongly met by} Bxd4 15. Nf5 Be5 {, and White has no sufficient
compensation for the sacificed pawn.} (15... Bc5 $6 16. Bg5 $44 h6 $140 $2 17.
Nxh6 {The text move prevents the transfer of the blak bishop to the main
diagonal.})) 14... dxc3 15. Qxc3 a5 16. a4 Ne5 (16... Bc5 {, with the threat
17...Bb4, is met by} 17. Qh3 {/\Bg5}) 17. Kf1 (17. Bg5 $4 {loses after} Bxf2+
18. Kxf2 Nfg4+ {The text move resumes the threat 18.Bg5.}) 17... Qd7 18. f3 ({
No time for} 18. Bg5 {. After} Nxe4 {White is lost.}) 18... Qc6 $1 {
Transforming the game into the ending, in which Black's material advantage
must gives him an upper hand.} 19. Bd2 Qxc3 20. Bxc3 Ne8 (20... Rae8 {was a
good alternative. Also, 20...Bc5 /\Bb4 deserved a serious attention.}) 21. Rad1
f6 22. Ne7 Bc5 (22... c6 {was to be preferred.}) 23. Nf5 g6 24. Nd4 Bb4 $6 ({
Both} 24... Ng7 {and 24...Bd4 allowed Black to retain a slight advantage. The
text move yields White a dangerous initiative.}) 25. Bxb4 axb4 26. Ne6 Rf7 $2 (
{A serious mistake.} 26... Rg8 {was to be preferred:} 27. f4 Nc6 28. Nd4 Rg7
29. Nxc6 bxc6 30. e5) 27. f4 Nc6 28. Nc5 $1 {[%csl Rb7][%cal Gb3f7,Gc5b7]
Winning the key b7-pawn.} Re7 29. Nxb7 Nb8 $2 ({Why not} 29... Ra7 30. Bd5 ({
Certainly, not} 30. Rc1 $2 Nd4 31. Bd5 c6 $19) 30... Nb8 {[threatening 31...c6]
} 31. Nd8 (31. e5 dxe5 32. Nc5 Ra5) 31... Rxa4 32. Ra1 $36) 30. Nd8 Ng7 $2 {
Unexplainable decision. Black suddenly found himself out in a clearly inferior
position, but why lose in one move?} 31. Nf7+ $18 Rxf7 32. Bxf7 Rxa4 $2 33. Ra1
({After} 33. Ra1 Rxa1 34. Rxa1 Nh5 35. Ra8 Kg7 36. Bd5 Nd7 37. Ra7 {Black is
entirely lost.}) 1-0

[Event "Olympiad-33"]
[Site "Elista"]
[Date "1998.10.10"]
[Round "11.2"]
[White "Onischuk, Alexander"]
[Black "Sokolov, Ivan"]
[Result "1-0"]
[WhiteElo "2630"]
[BlackElo "2620"]
[Annotator "Atlas,V"]
[PlyCount "85"]
[EventDate "1998.09.29"]
[EventType "team-swiss"]
[EventRounds "13"]
[EventCountry "RUS"]
[SourceTitle "CBM 068"]
[Source "ChessBase"]
[SourceDate "1999.02.01"]
[SourceVersion "1"]
[SourceVersionDate "1999.02.01"]
[SourceQuality "1"]
[WhiteTeam "Ukraine"]
[BlackTeam "Bosnia&Herzegovina"]
[WhiteTeamCountry "UKR"]
[BlackTeamCountry "BIH"]

1. e4 e5 2. Nf3 Nc6 3. Bc4 Nf6 4. d3 Bc5 5. c3 d6 6. Qe2 {This move, though
rarely seen in the modern praxis, had been played more than once by I.
Gunsberg already 100 years ago.} (6. a4 {is another interesting possibility:}
a6 7. Na3 d5 8. exd5 Nxd5 9. Bb3 O-O 10. Nc4 Qf6 11. O-O Nf4 12. Bxf4 Qxf4 13.
Ncxe5 Nxe5 14. Nxe5 Qxe5 15. d4 Bxd4 16. Qxd4 Qxd4 17. cxd4 Bd7 {1/2-1/2
Najdorf,M-Reshevsky,S/Mex/NY/Salvador 1952/MCL 03 (17)}) 6... Bb6 (6... Be6 7.
Bb3 (7. Bg5 Bxc4 8. dxc4 Ne7 9. Bxf6 gxf6 10. Nbd2 {1-0 Gunsberg,I-Taubenhaus,
J/New York 1889/HCL 26 (33)}) 7... Bxb3 8. axb3 {1-0 Gunsberg,I-Baird,D/New
York 1889/HCL 26 (64)}) (6... Qe7 7. Nbd2 Be6 8. Bb3 Bxb3 9. axb3 {0-1
Gunsberg,I-Burille,C/New York 1889/HCL 26 (60)}) (6... O-O 7. Bg5 h6 8. Bh4 Be6
9. Nbd2 a6 10. a3 b5 11. Bd5 Bd7 12. O-O g5 13. Nxg5 Nxd5 14. Qh5 Qf6 15. exd5
hxg5 16. Bxg5 Qg6 17. Qxg6+ fxg6 18. dxc6 Bxc6 19. Be3 $16 {1-0 Mathonia,
C-Kohl,H/BL2-SW 1989/BL2 (53)}) 7. Bg5 h6 8. Bh4 g5 9. Bg3 Qe7 10. Nbd2 Bd7 11.
Bb3 Nh5 12. Nc4 Nf4 {Usually favourablie for Black manoeuvre is bound here
with a certain risk: leading the knight away from f6, Black decreases the
pressure on the central pawn e4, and makes it easier for White to carry out
his plan to play d3-d4.} 13. Bxf4 gxf4 14. g3 $1 {A very strong continuation,
The situation on the board comes to the crunch.} Qf6 (14... fxg3 15. hxg3 $14 {
[%csl Rh6]}) 15. Nfd2 Bc5 16. Ba4 a6 17. Bxc6 $1 bxc6 (17... Bxc6 18. Na5 $14)
18. O-O-O {Two bishops against two knights in this position do not promise
Black traditional edge. He cannot prevent an advancement d3-d4 which will keep
dark-coloured Bishop out.} Ba7 19. Qf3 $1 {Intending an exchange at f4.} h5 20.
h3 Ke7 21. gxf4 Qxf4 22. Qxf4 exf4 23. d4 $16 {[%csl Ra7] De facto White has a
piece up. Nontheless, the game is not over yet. Weakness on h3 and danger of
activization of Black's rooks along g-file requiers on White's side a very
energetic play in order to preserve a strategic advantage.} Be6 24. b3 $1 Rag8
25. Nb2 f5 (25... Rg2 26. Nd3 c5 27. d5 Bd7 28. c4) 26. Nd3 fxe4 27. Nxf4 {
It is instructive to look how White makes use of his knights. After intended
by Black opening of the positon in order to provide space for his bishops,
Black's king suddenly finds himself under strong attack.} Bf5 28. Rde1 Kf6 (
28... d5 29. f3 $18) 29. f3 $1 (29. Nxe4+ $143 Bxe4 30. Rxe4 Kf5 31. Rhe1 d5
32. Nxd5 cxd5 33. Re6 $13) 29... exf3 30. Nxf3 h4 (30... Rg3 31. Rhf1) 31. Rhf1
{[%cal Ge1e6,Gf1f6,Gf5f6]} Bb6 32. Rf2 $1 Rh6 33. Ng2 Kg7 (33... Bxh3 34. Ng1+
Bf5 35. Ne3 Rh5 36. Ref1 Rgg5 37. Nh3 $18) 34. Ng5 $1 Bg6 35. Re7+ Kh8 36. Nf4
Be8 (36... Rg7 37. Rxg7 Kxg7 38. Nfe6+ $18) 37. Nfe6 c5 (37... Rh5 38. Rg2 $1
c5 39. Ng7 (39. Rxe8 Rhxg5) 39... Rxg7 40. Rxe8+ Rg8 41. Nf7+ $18) 38. Rf6 $1 {
[%cal Gf6h6,Ge7h7]} Rh5 (38... Bg6 39. Nf7+ $18) 39. Nf4 Rgxg5 40. Rxe8+ Kg7
41. Nxh5+ Rxh5 42. Rf4 cxd4 43. cxd4 1-0

[Event "Linares Anibal op 04th"]
[Site "Linares"]
[Date "1997.??.??"]
[Round "3"]
[White "Volzhin, Alexander"]
[Black "Allahverdiyev, Anar"]
[Result "1-0"]
[WhiteElo "2505"]
[BlackElo "2380"]
[Annotator "Atlas,V"]
[PlyCount "59"]
[EventDate "1997.02.??"]
[EventType "swiss"]
[EventRounds "10"]
[EventCountry "ESP"]
[SourceTitle "CBM 058"]
[Source "ChessBase"]
[SourceDate "1997.06.01"]
[SourceVersion "1"]
[SourceVersionDate "1997.06.01"]
[SourceQuality "1"]

1. e4 e5 2. Nf3 Nc6 3. Bc4 Bc5 4. c3 Nf6 5. d3 d6 6. Nbd2 a6 7. Bb3 O-O 8. O-O
Ba7 9. h3 Ne7 10. Re1 Ng6 {This is one of the possible setups Black can apply
in this variation. It requires from Black a careful play to equalize though.}
11. Nf1 Be6 12. Ng3 Re8 (12... h6 13. d4 Bxb3 14. Qxb3 Qd7 15. Qc2 Rfe8 16. Be3
Qc6 17. Rad1 b5 18. Qb1 Qb7 19. Qc1 Kh7 20. Nf5 Nf4 21. Bxf4 exf4 22. e5 dxe5
23. Nxe5 Nd5 24. Qc2 Kg8 25. Qe4 Rad8 26. Qf3 Qb6 27. Qg4 Qf6 28. Nc6 h5 29.
Qxg7+ Qxg7 30. Nxg7 Kxg7 31. Nxa7 Ne7 32. Rxe7 Rxe7 33. Nc6 {1-0 Kudrin,
S-Garcia Padron,J/Las Palmas op ;EXT 89op 1989}) 13. d4 Qc8 $6 {Black is
underestimating 14.Bg5. 13...h6 was better.} 14. Bg5 Nf4 15. Bxf6 gxf6 16. Nh4
Kh8 17. Nh5 $1 {Eliminating the only active Black's piece. The pawn sacrifice
which this move entails is too dangerous to accept.} (17. Nhf5 d5 {would be
not so clear.}) 17... Nxh5 18. Qxh5 Rg8 (18... exd4 {Had Black taken the
challenge, White would have the following possibilities:} 19. Bc2 $1 (19. Nf5
Bxf5 20. exf5 Re5 $13) (19. Qh6 Qd8 20. Bc2 Rg8 21. e5 f5 22. exd6 dxc3 23.
bxc3 (23. dxc7 Qd4) 23... Qxd6) 19... Kg7 (19... dxc3 20. e5 $18) 20. e5 $1
dxe5 21. Qxh7+ Kf8 22. Bb3 $1 (22. Nf5 Bxf5 23. Bxf5 Qd8 24. Qh8+ Ke7 25. Rxe5+
fxe5 26. Qxe5+ Kf8 27. Qh8+ Ke7 28. Qe5+ (28. Re1+ $2 Kd6 $19) 28... Kf8 29.
Qh8+ $11) 22... Ke7 (22... Bxb3 23. Nf5 $18) (22... Qd7 23. Bxe6 $18) 23. Nf5+
Kd8 (23... Bxf5 24. Qxf7+ Kd6 25. Qxf6+ Kc5 26. Bf7 $1 $18) (23... Kd7 24.
Bxe6+ Kxe6 25. cxd4 $18) 24. Ng7 Rf8 25. Qh4 Ke7 26. Rxe5 $18) 19. Rad1 {
The position is difficult for Black: his Bishop at a7 is locked, pawn
structure at the kingside is compromised and he lacks concrete counterplay.
White aims at further consolidation of his forces.} Qf8 20. Kh2 Rg5 21. Qf3 Qg7
22. Re2 Re8 (22... Rf8 23. g3 Bd7 $5 {retaining control over the square f5,
would make it harder for White to increase the advantage.}) 23. g3 h5 $6 {
23...Bb6 or even 23...Bb8!? /\24...c6 came into consideration instead.} (23...
Bxb3 24. axb3 exd4 25. cxd4 d5 26. Rde1 $16) 24. Bxe6 $1 fxe6 25. d5 $1 {
After the improving the position of his pieces, White is finally ready for
this undertaking: if Knight finds the way to f5, Black's position will be
strategically lost.} f5 $2 {Loses at once.} 26. dxe6 fxe4 27. Qxe4 Bb6 $2 (
27... Rxe6 28. Nf3 Rgg6 29. Qxb7 Bb6 30. Qxa6 $18) 28. f4 d5 29. Qf3 (29. Qa4)
29... exf4 30. gxf4 1-0